Cities in the USA With Over 1 Million People - Statistics

General Stats
  • This quiz has been taken 94 times
  • The average score is 9 of 11
Answer Stats
Population City % Correct
8,177,025 New York City
100%
3,985,516 Los Angeles
99%
2,671,635 Chicago
95%
1,348,886 Dallas
91%
2,325,353 Houston
91%
1,585,480 Philadelphia
90%
1,759,943 Phoenix
83%
1,429,653 San Diego
82%
1,598,964 San Antonio
79%
1,028,225 Austin
75%
1,003,120 San Jose
64%
No matching quizzes found
Score Distribution
Percent of People with Each Score
Percentile by Number Answered
Your Score History
You have not taken this quiz